| 000 | 01425cam a2200373 a 4500 | ||
|---|---|---|---|
| 999 |
_c95 _d95 |
||
| 001 | 16603915 | ||
| 003 | OSt | ||
| 005 | 20191223110158.0 | ||
| 008 | 110107s2011 nyu d 000 1 eng | ||
| 010 | _a 2010049270 | ||
| 020 | _a9781402784040 | ||
| 040 |
_aDLC _cDLC _dDLC |
||
| 042 |
_alcac _apcc |
||
| 082 | 0 | 0 |
_aFIC HOU _222 |
| 100 | 1 |
_aHouck, Colleen. _eauthor |
|
| 245 | 1 | 0 |
_aTiger's quest / _cby Colleen Houck. |
| 260 |
_aNew York : _bSterling, _cc2011. |
||
| 300 |
_a479 p. ; _c24 cm. |
||
| 490 | 0 |
_aTiger saga ; _vbk 2. |
|
| 520 | _aKelsey returns home to Oregon, where Mr. Kadam has enrolled her in college, but danger sends her back to India to begin another quest, this time with Kishan, to try to break the curse that forces Kisham and his brother Ren to live as tigers. | ||
| 650 | 1 |
_aTiger _vFiction. |
|
| 650 | 1 |
_aBlessing and cursing _vFiction. |
|
| 650 | 1 |
_aUniversities and colleges _vFiction. |
|
| 650 | 1 |
_aDating (Social customs) _vFiction. |
|
| 650 | 1 |
_aImmortality _vFiction. |
|
| 650 | 1 |
_aOrphans _vFiction. |
|
| 651 | 1 |
_aOregon _vFiction. |
|
| 651 | 1 |
_aIndia _vFiction. |
|
| 700 |
_aNielsen, Cliff _eCover illustrator |
||
| 700 |
_aDamkoehler, Katrina _eCover designer |
||
| 906 |
_a7 _bcbc _corignew _d1 _eecip _f20 _gy-gencatlg |
||
| 942 |
_2ddc _cFIC |
||